banner koha

Agropecuaria - Trabalhos em Ecologia Agricola em Desenvolvimento e Pesquisas em Agroclimatologia (Registro n. 333179)

MARC details
000 -LÍDER
campo de controle de tamanho fixo 01019naa a22002777a 4500
001 - NÚMERO DE CONTROLE
campo de controle BR7808095
003 - IDENTIFICADOR DO NÚMERO DE CONTROLE
campo de controle BR-BrBNA
005 - DATA E HORÁRIO DA ÚLTIMA TRANSAÇÃO
campo de controle 20250714162952.0
007 - CAMPO FIXO DE DESCRIÇÃO FÍSICA--INFORMAÇÃO GERAL
campo de controle de tamanho fixo ta
008 - CAMPO DE DADOS FIXOS--INFORMAÇÃO GERAL
campo de controle de tamanho fixo 250630b bl.|||m| |||| 00| 0 por d
040 ## - FONTE DA CATALOGAÇÃO
Instituição da catalogação original BR-BrBNA
Idioma da catalogação por
Instituição que transcreveu o registro Biblioteca Nacional de Agricultura
041 ## - CÓDIGO DE IDIOMA
Código do idioma do texto/trilha sonora ou título diferente (Pt)
072 ## - CÓDIGO DE CATEGORIA DE ASSUNTO
Código de Categoria de Assunto A50; F40; P40
090 ## - NÚMERO DE CHAMADA LOCAL
Número de chamada A50 BR7808095
100 1# - ENTRADA PRINCIPAL--NOME PESSOAL
Nome pessoal Alfonsi, R.R.
100 1# - ENTRADA PRINCIPAL--NOME PESSOAL
Nome pessoal Pinto, H.S.
245 1# - TÍTULO
Título Agropecuaria - Trabalhos em Ecologia Agricola em Desenvolvimento e Pesquisas em Agroclimatologia
490 ## - TÍTULO DA SÉRIE
Título da série Publicacao ACIESP (Brazil)
Número do volume ou designação sequencial da série no. 4
500 ## - NOTA GERAL
Nota geral Ciencia e Tecnologia no Estado de Sao Paulo 5. Ecologia Agricola Agroclimatologia<br/>[np](Brasil): [nd]. p. 9-21<br/>(BR7808095-AMS)<br/>
650 ## - ASSUNTO--TERMO TÓPICO
Cabeçalho tópico ou nome geográfico ECOLOGIA VEGETAL
650 ## - ASSUNTO--TERMO TÓPICO
Cabeçalho tópico ou nome geográfico CLIMATOLOGIA
650 ## - ASSUNTO--TERMO TÓPICO
Cabeçalho tópico ou nome geográfico INSTITUICAO AGRICOLA
773 0# - ENTRADA ANALÍTICA
Título Ciencia e Tecnologia no Estado de Sao Paulo 5. Ecologia Agricola Agroclimatologia
Número de controle do registro A50 BR7808095
Partes relacionadas [np](Brasil), [nd]. p. 9-21
942 ## - ELEMENTOS DE ENTRADA ADICIONADOS (KOHA)
Tipo de material Koha Analítica de Monografia Seriada
Fonte da classificação ou esquema de arquivamento na estante Classificação AGRIS
909 ## -
-- 202506
-- Lúcia
-- 55
-- Lúcia Elande
Exemplares
Situação do descarte Fonte da classificação ou esquema de arquivamento na estante Situação física Não pode ser emprestado Coleção Biblioteca de origem Biblioteca atual Total de empréstimos Data de último acesso Número do exemplar Tipo de material Koha Situação das perdas Data de aquisição Fonte de aquisição
  Classificação AGRIS       Biblioteca Nacional de Agricultura - Binagri Biblioteca Nacional de Agricultura - Binagri   30/06/2025 01 Analítica de Monografia Seriada   2025-06-30 Portaria Interministerial nº 164/94

BINAGRI

Telefone: (61)3218-2567/2388/3357/2097 - binagri@agro.gov.br

Ministério da Agricultura e Pecuária , Esplanada dos Ministérios, Bloco D, Anexo B, Brasília/DF, CEP: 70.043-900